Κακοποίηση παραμέληση παιδιών

Αποθηκεύτηκε σε:
Λεπτομέρειες βιβλιογραφικής εγγραφής
Συγγραφή απο Οργανισμό/Αρχή: Ινστιτούτο Υγείας του Παιδιού
Άλλοι συγγραφείς: Αγάθωνος-Γεωργοπούλου, Ελένη (Επιμελητής έκδοσης)
Μορφή: Βιβλίο
Γλώσσα:Greek
Δημοσίευση: Αθήνα : Γρηγόρη, 1991
Θέματα:
Ετικέτες: Προσθήκη ετικέτας
Δεν υπάρχουν, Καταχωρήστε ετικέτα πρώτοι!

MARC

LEADER 00000nam a2200000 i 4500
001 1/80228
008 980911s1987 gre d
020 |a 960-222-329-4 
035 |l 10033393 
040 |a GR-MY-UA  |b gre  |e aacr 
041 0 |a gre 
082 0 |a 364.1555 
110 2 |a Ινστιτούτο Υγείας του Παιδιού. 
245 1 0 |a Κακοποίηση παραμέληση παιδιών /  |c Ινστιτούτο Υγείας του Παιδιού ; επιμέλεια έκδοσης Ελένη Αγάθωνος-Γεωργοπούλου 
260 |a Αθήνα :   |b Γρηγόρη,   |c 1991 
300 |a 280 σ. 
500 |a Άνω του τίτλου : Ινστιτούτο υγείας για το παιδί 
650 0 0 |a Child abuse. 
650 0 0 |a Abused children. 
650 0 0 |a Family violence. 
650 0 0 |a Child rearing. 
650 0 0 |a Children. 
650 0 0 |a Battered child syndrome. 
700 1 |a Αγάθωνος-Γεωργοπούλου, Ελένη.  |4 edt 
852 |a INST  |b RHODES  |e 19980911  |h 364.1555 ΚΑΚ  |p 005400003901  |q 005400003901  |t BK  |y 0 
901 |a BIBL-1998-2 
909 |a Ρ  |b 004224  |c 1987 
922 |a 4ΔΩΡ  |b 199210  |c ΔΩΡΕΑ